Deutsch-Türkisch Kleidung - Statistiken

Allgemein
  • Dieses Quiz wurde 24 mal gespielt
  • Das Durchschnittsergebnis liegt bei 23 aus 32
Antwortstatistiken
Hint Antwort % Korrekt
Pantolon die Hose
100%
Çorap(lar) die Socken
94%
Çanta die Tasche
94%
Gömlek das Hemd
89%
Elbise das Kleid
89%
Şemsiye der Regenschirm
89%
Yüzük der Ring
89%
Etek der Rock
89%
Küpe(ler) die Ohrringe
89%
Ayakabı(lar) die Schuhe
89%
Şapka der Hut
83%
Bluz die Bluse
83%
Kolye die Halskette
83%
Ceket die Jacke
83%
Kemer der Gürtel
78%
Eldiven(ler) die Handschuhe
78%
Kravat die Krawatte
78%
Çizme(ler) die Stiefel
78%
Kazak der Pullover
72%
Kot pantolon die Jeans
72%
Bilezik das Armband
67%
Kol saati die Armbanduhr
67%
Takım elbise der Anzug
61%
Atkı der Schal
56%
Mayo die Badehose
56%
Sandalet(ler) die Sandalen
56%
Şort(lar) die Shorts
56%
Yüzme kıyafeti der Badeanzug
50%
Palto der Mantel
50%
Şapka die Kappe
50%
Spor ayakkabı(lar) die Turnschuhe
39%
Cüzdan die Brieftasche
28%
Keine übereinstimmenden Quizze gefunden
Verteilung der Resultate
Anzahl Personen mit jedem Resultat
Perzentil nach korrekt beantworteten Fragen
Ihre Resultats-Entwicklung
Sie haben dieses Quiz noch nicht gespielt